000 00370nam a2200133Ia 4500
008 100328s9999 xx 000 0 und d
082 _b34837
100 _aथोरे अशोक.
245 _aपाताळ गुंफा
260 _bपूजा.
630 _aपाताळ गुंफा
730 _aपाताळ गुंफा
942 _cBOOK
999 _c524892
_d524889